LEADER 01370nam a2200301 u 4500 001 000000014892 003 CaOOAMICUS 005 20070226105821.0 008 940517s1963 it u000 u ita u 035 $a10349943 040 $aPUL$bita 041 1 $aita$agrc 100 0 $aMaximus Confessor,$cs.,$d580-662.$0(OLS)http://pul/name/3156 240 10$aCapita de caritate$9(Maximus Confessor, s., 580-662).$lItaliano e Greco.$0(OLS)http://pul/title/21362 245 10$aCapitoli sulla carità /$cMassimo Confessore ; editi criticamente con introduzione, versione e note da Aldo Ceresa-Gastaldo. 260 $aRoma :$bStudium,$c1963. 300 $a249 p. ;$c24 cm 490 1 $aVerba seniorum : collana di testi e studi patristici.$aN. S. ;$v3 500 $aComprende indici. 504 $aBibliografia: p. 13-14. 700 1 $aCeresa-Gastaldo, Aldo,$d1928-$0(OLS)http://pul/name/1170 830 0$aVerba seniorum : collana di testi e studi patristici.$pN. S. ;$v3.$0(OLS)http://pul/title/1609 850 $aPUL 852 $aPUL$W1$xDP1 Fondo Maccarrone$y58$m1522 D 35$j20870$nBK-PRI$b $qFondi$B20870$CPULBib$Z2$F20870 $H $81 900 $aMassimo Confessore,$cs.,$d580-662$93156 941 1 $a1 996 $6245$aCapitoli sulla carità$9(OLS)http://pul/title/21363 996 $6260$aRoma :$bStudium$9(OLS)http://pul/publisher/47892 LEADER 01313nam a2200289 u 4500 001 000000062080 003 CaOOAMICUS 005 20070226121108.0 008 010919s1952 it u000 u ita u 035 $a10903599 040 $aPUL(R)$bita 100 1 $aGagliardi, Achille,$cS. I.,$d1537-1607.$0(OLS)http://pul/name/42336 245 10$aBreve compendio di perfezione cristiana e "vita di Isabella Berinzaga" /$cAchille Gagliardi ; introduzione e note di Mario Bendiscioli. 260 $aRoma :$bLibreria editrice Fiorentina,$c1952. 300 $a206 p. ;$c24 cm 490 1 $aTesti cristiani.$aN. S. ;$v1 500 $aComprende indici. 504 $aBibliografia in nota. 650 4$aPerfezione$xTeologia$xCristianesimo.$0(OLS)http://pul/subject/7051 700 1 $aBendiscioli, Mario,$d1903-1998.$0(OLS)http://pul/name/4245 830 0$aTesti cristiani.$pN. S. ;$v1.$0(OLS)http://pul/title/20330 850 $aPUL 852 $aPUL$W1$xSL Religione 1$y3$m41 D 35$j80782$nBK-PRI$b $qStampati$B80782$CPULBib$Z2$F80782 $H $81 941 1 $a8 961 $aINV: 32903 996 $6245$aBreve compendio di perfezione cristiana e "vita di Isabella Berinzaga"$9(OLS)http://pul/title/82857 996 $6260$aRoma :$bLibreria editrice Fiorentina$9(OLS)http://pul/publisher/70271